logo

Bir Sreshtho Munshi Abdur Rouf Library
Jhenaidah Cadet College

Introduction to Economics Principles and Applicantions / (Record no. 5220)

MARC details
000 -LEADER
fixed length control field 00624nam a2200229 a 4500
001 - CONTROL NUMBER
JCCL Control Number 5220
003 - CONTROL NUMBER IDENTIFIER
JCCL marc code BD-JhCC
005 - DATE AND TIME OF LATEST TRANSACTION
control field 20171213111326.0
008 - FIXED-LENGTH DATA ELEMENTS--GENERAL INFORMATION
fixed length control field 171210s19801990ii |||| || | 001 0 eng d
035 ## - SYSTEM CONTROL NUMBER
system control number (BD-JhCC)5220
040 ## - CATALOGING SOURCE
Original cataloging agency BD-JhCC
Modifying agency BD-JhCC
041 ## - LANGUAGE CODE
Language code of Book eng
082 ## - DEWEY DECIMAL CLASSIFICATION NUMBER
Classification number 330.028
Author mark and Year MAD 1990
100 ## - MAIN ENTRY--PERSONAL NAME
Personal name Madnani, G. M. K.
245 ## - TITLE STATEMENT
Title Introduction to Economics Principles and Applicantions /
Statement of responsibility, etc G. M. K. Madnani,
250 ## - EDITION STATEMENT
Edition statement 5th ed.
260 ## - PUBLICATION, DISTRIBUTION, ETC. (IMPRINT)
Place of publication, distribution, etc New Delhi :
Name of publisher, distributor, etc Oxford & IBH Publishing CO. Pvt. Ltd,
Date of publication, distribution, etc 1990.
300 ## - PHYSICAL DESCRIPTION
Pagination 551 p. :
Dimensions 18 cm.
650 ## - SUBJECT ADDED ENTRY--TOPICAL TERM
Topical term or geographic name as entry element Economotrics
942 ## - ADDED ENTRY ELEMENTS (KOHA)
Source of classification or shelving scheme Dewey Decimal Classification
Koha item type Books
Holdings
Source of classification or shelving scheme Damaged status Not for loan Home library Current library Shelving location Date of accession Source of acquisition Total Checkouts Full call number Barcode Date last seen Copy number Koha item type
Dewey Decimal Classification     JCC Rouf Library JCC Rouf Library General Stacks 12/10/2017 Indian High Comission   330.028 MAD 1990 7180 12/10/2017 C-1 Books

JCC Library | Contacts | JCC Home

Last Update on 23 September 2017
Copyright @ 2017-2020 JCC Rouf Library
Rouf Library, Jhenidah Cadet College (JCC), Bangladesh